| 000 | 00574nam a2200217Ia 4500 | ||
|---|---|---|---|
| 005 | 20250508163946.0 | ||
| 008 | 008 250505s9999 xx 000 0 hin d | ||
| 037 | _aTextBook | ||
| 040 |
_aFEDL _beng _cFEDL |
||
| 041 |
_ahin _2hin |
||
| 084 |
_a371.1, OBR _qFEDL |
||
| 100 |
_aOberoy S C _9776842 |
||
| 245 | 0 | _aShikshan adhigum ke mul tatva | |
| 250 | _a3 | ||
| 260 |
_aNew Delhi, India _bArya Book Depot _c1999 |
||
| 300 | _axix,444p | ||
| 365 |
_aINR _b95 |
||
| 650 | _aEducation - Teaching | ||
| 942 |
_cTB _h371.1, OBR |
||
| 999 |
_c1386292 _d1386292 |
||